| 000 -LEADER |
| fixed length control field |
01701cam a22003737a 4500 |
| 001 - CONTROL NUMBER |
| control field |
17042387 |
| 003 - CONTROL NUMBER IDENTIFIER |
| control field |
Nust- CAS-E0 |
| 005 - DATE AND TIME OF LATEST TRANSACTION |
| control field |
20180118181359.0 |
| 008 - FIXED-LENGTH DATA ELEMENTS--GENERAL INFORMATION |
| fixed length control field |
111110s2011 enka b 101 0 eng d |
| 010 ## - LIBRARY OF CONGRESS CONTROL NUMBER |
| LC control number |
2011499652 |
| 016 7# - NATIONAL BIBLIOGRAPHIC AGENCY CONTROL NUMBER |
| Record control number |
015880899 |
| Source |
Uk |
| 020 ## - INTERNATIONAL STANDARD BOOK NUMBER |
| International Standard Book Number |
9783037851890 |
| 020 ## - INTERNATIONAL STANDARD BOOK NUMBER |
| International Standard Book Number |
3037851899 |
| 035 ## - SYSTEM CONTROL NUMBER |
| System control number |
(OCoLC)ocn751830141 |
| 040 ## - CATALOGING SOURCE |
| Original cataloging agency |
UKMGB |
| Transcribing agency |
UKMGB |
| Modifying agency |
YDXCP |
| -- |
BWX |
| -- |
LHL |
| -- |
PIT |
| -- |
BTCTA |
| -- |
DLC |
| 042 ## - AUTHENTICATION CODE |
| Authentication code |
lccopycat |
| 050 00 - LIBRARY OF CONGRESS CALL NUMBER |
| Classification number |
TD196.B85 |
| Item number |
.I55 2011 |
| 082 ## - DEWEY DECIMAL CLASSIFICATION NUMBER |
| Classification number |
720.47 |
| Author Mark |
GRE 2011 |
| 111 2# - MAIN ENTRY--MEETING NAME |
| Meeting name or jurisdiction name as entry element |
International Conference of Green Building Materials and Energy-saving Construction |
| Date of meeting |
(2011 : |
| Location of meeting |
Harbin, China) |
| 245 10 - TITLE STATEMENT |
| Title |
Green building materials and energy-saving construction : |
| Remainder of title |
selected, peer reviewed papers from the 2011 International Conference of Green Building Materials and Energy-saving Construction (GBMEC 2011) will be held on August 6, 2011 in Harbin, China / |
| Statement of responsibility, etc. |
edited by Zhenyu Du and Zheng Wang. |
| 260 ## - PUBLICATION, DISTRIBUTION, ETC. |
| Place of publication, distribution, etc. |
Durnten-Zurich, Switzerland ; |
| -- |
Enfield,NH : |
| Name of publisher, distributor, etc. |
Trans Tech, |
| Date of publication, distribution, etc. |
c2011. |
| 300 ## - PHYSICAL DESCRIPTION |
| Extent |
x, 260 p. : |
| Other physical details |
ill. ; |
| Dimensions |
25 cm. |
| 490 0# - SERIES STATEMENT |
| Series statement |
Advanced materials research, |
| International Standard Serial Number |
1022-6680 ; |
| Volume/sequential designation |
v. 280 |
| 504 ## - BIBLIOGRAPHY, ETC. NOTE |
| Bibliography, etc. note |
Includes bibliographical references and index. |
| 650 #0 - SUBJECT ADDED ENTRY--TOPICAL TERM |
| Topical term or geographic name entry element |
Building materials |
| General subdivision |
Environmental aspects |
| -- |
Congresses. |
| 650 #0 - SUBJECT ADDED ENTRY--TOPICAL TERM |
| Topical term or geographic name entry element |
Buildings |
| General subdivision |
Environmental engineering |
| Form subdivision |
Congresses. |
| 700 1# - ADDED ENTRY--PERSONAL NAME |
| Personal name |
Du, Zhenyu. |
| 700 1# - ADDED ENTRY--PERSONAL NAME |
| Personal name |
Wang, Zheng. |
| 830 #0 - SERIES ADDED ENTRY--UNIFORM TITLE |
| Uniform title |
Advanced materials research ; |
| Volume/sequential designation |
v. 280. |
| 906 ## - LOCAL DATA ELEMENT F, LDF (RLIN) |
| a |
7 |
| b |
cbc |
| c |
copycat |
| d |
2 |
| e |
ncip |
| f |
20 |
| g |
y-gencatlg |
| 942 ## - ADDED ENTRY ELEMENTS (KOHA) |
| Source of classification or shelving scheme |
|
| Koha item type |
Book |